Estatísticas para Categorias do Boxe

Clique aqui para jogar o quiz

Estatísticas Gerais

  • Esse quiz foi jogado 46 vezes
  • A pontuação média é 10 de 17

Estatísticas das Respostas

PesoCategoria% Correto
Mais de 90,7 kgPeso-Pesado
100%
Até 72,6 kgPeso-Médio
97%
Até 57,2 kgPeso-Pena
86%
Até 79,4 kgMeio-Pesado
81%
Até 50,8 kgPeso-Mosca
81%
Até 53,5 kgPeso-Galo
76%
Até 61,2 kgPeso-Leve
76%
Até 66,7 kgMeio-Médio
73%
Até 90,7 kgCruzador
43%
Até 69,9 kgMédio-Ligeiro
38%
Até 76,2 kgSuper-Médio
35%
Até 55,3 kgSuper-Galo
32%
Até 63,5 kgSuper-Leve
32%
Até 59 kgSuper-Pena
32%
Até 52,2 kgSuper-Mosca
27%
Até 49 kgMosca-Ligeiro
22%
Até 47,6 kgPeso-Mínimo
22%

Distribuição das Pontuações

Percentil de Números Respondidos

Porcentagem de Pessoas com Cada Pontuação

Sua Pontuação Histórica

Você não jogou esse quiz